Normal view
MARC view
- Bkhru, . K. H. Dr
Entry Personal Name
001 - CONTROL NUMBER
- control field: 122829
003 - CONTROL NUMBER IDENTIFIER
- control field: NUST
005 - DATE AND TIME OF LATEST TRANSACTION
- control field: 20240522133343.0
008 - FIXED-LENGTH DATA ELEMENTS
- fixed length control field: 240522|| aca||aabn | a|a d
040 ## - CATALOGING SOURCE
- Original cataloging agency: NUST
- Transcribing agency: NUST
100 ## - HEADING--PERSONAL NAME
- Personal name: Bkhru, . K. H. Dr
670 ## - SOURCE DATA FOUND
- Source citation: Work cat.: (NUST): Bkhru, . K. H. Dr, Diet Cure, 2017.
